000 00358nam a22001577a 4500
005 20251108170705.0
008 250721s1965 xx 000 0 eng d
082 1 4 _a815.3/ali
100 1 _aali ben, abi taleb
245 1 0 _anahjul /
264 1 _aindia :
_bseeratuz,
_c1965.
300 _a103 p.
650 1 7 _aarabic
942 _2ddc
_cBK
999 _c46702
_d46702